|
|
|
|
| LEADER |
01218pam a2200325Ia 4500 |
| 001 |
9780203401170 |
| 003 |
FlBoTFG |
| 005 |
20091230162920.0 |
| 006 |
a|||||s||||||||||| |
| 007 |
cr|||| |
| 008 |
030609s2004 enka sb 001 0 eng d |
| 020 |
|
|
|a 9780203401170 (e-book : PDF)
|
| 040 |
|
|
|a FlBoTFG
|c FlBoTFG
|d GrThAP
|
| 043 |
|
|
|a e------
|a ff-----
|a aw-----
|
| 090 |
|
|
|a DG271
|b .P68 2004
|
| 092 |
|
|
|a 937.07
|b P866
|
| 100 |
1 |
|
|a Potter, D. S.
|q (David Stone),
|d 1957-
|
| 245 |
1 |
4 |
|a The Roman Empire at bay
|h [electronic resource] :
|b AD 180-395 /
|c David S. Potter.
|
| 260 |
|
|
|a London ;
|a New York :
|b Routledge,
|c 2004.
|
| 300 |
|
|
|a xxii, 762 p. :
|b ill.
|
| 490 |
1 |
|
|a Routledge history of the ancient world
|
| 504 |
|
|
|a Includes bibliographical references (p. 715-751) and index.
|
| 530 |
|
|
|a Also available in print edition.
|b CRC Press (http://www.crcpress.com)
|
| 538 |
|
|
|a Mode of access: World Wide Web.
|
| 650 |
|
0 |
|a Power (Social sciences)
|z Rome.
|
| 651 |
|
0 |
|a Rome
|x History
|y Empire, 30 B.C.-476 A.D.
|
| 655 |
|
7 |
|a Electronic books.
|2 lcsh
|
| 776 |
1 |
|
|z 9780415100588
|
| 830 |
|
0 |
|a Routledge history of the ancient world.
|
| 856 |
4 |
0 |
|u http://www.tandfebooks.com/isbn/9780203401170
|z Full Text via HEAL-Link
|